| 000 | 00380nam a2200145Ia 4500 | ||
|---|---|---|---|
| 008 | 230312s9999||||xx |||||||||||||| ||und|| | ||
| 020 | _a1-84184-322-9 | ||
| 082 |
_a615.82 _bLOS-N |
||
| 100 | _aLosseff;Nick | ||
| 245 | 0 | _aNeurological Rehabilitation of Stroke | |
| 260 |
_bTaylor & Francis _aUSA _c2004 |
||
| 300 | _a118 | ||
| 650 |
_aPhysiotherapy _vPhysio Therapy |
||
| 942 | _cBK | ||
| 999 |
_c10341 _d10341 |
||